00400 2200145 4500001002100000008004100021035002000062245005000082100001900132260003100151300002000182082001200202650002700214990001300241INLIS000000000000644 ind  a0010-0322000644 aALI BIN ABI THALIB PANDAI DAN PEMBERANIcIKHA aGIBRAN MAULANA aSURABAYAbCV CAHAYA AGENCY a32 hlm.c27 cm. a297.924 aALI BIN ABI THALIB R.A a102872-1